| 000 | 00844nam a2200229Ia 4500 | ||
|---|---|---|---|
| 003 | GCL | ||
| 005 | 20240530095247.0 | ||
| 008 | 140319s9999 xx 000 0 ara d | ||
| 020 | _a4235383977 | ||
| 040 |
_aGCL / _cGCL |
||
| 082 | 0 | 4 |
_a962 _bق/أج |
| 100 | 1 | _aابراهيم السايح | |
| 245 | 1 | 0 |
_aجذور السلبية الشعبية فى مصر / _cابراهيم السايح |
| 260 |
_aالقاهرة : _bدار البستانى للنشر والتوزيع ، _c2000 |
||
| 300 |
_a114 ص ؛ _c24 سم |
||
| 650 | 0 | 4 | _aمصر - تاريخ |
| 650 | 0 | 4 | _aمصر - الاحوال السياسية |
| 650 | 0 | 4 | _aمصر القديمة - تاريخ - العصر الرومانى |
| 650 | 0 | 4 | _aمصر - تاريخ - العصر العثمانى ( 1517-1914 م ) |
| 650 | 0 | 4 | _aمصر القديمة - تاريخ |
| 942 |
_2ddc _cBK |
||
| 999 |
_c5547 _d5547 |
||